LDR 00712naa#a2200157#i#450# 001 EN\\bibl\19451 005 20260516050657.6 100 ## _a20260515b2026####ek#y0engy0150####ca 102 ## _aRU 200 1# _aPRELIMINARY ASSESSMENT OF THE CONDITION AND FORMATION OF PINUS SIBIRICA DU TOUR MACROSTRIBLES IN A COLLECTION OF CLONES IN THE CONDITIONS OF THE KURSK REGION _eConference article/thesis 210 1# _aVoronezh _cFSBE Institution of Higher Education Voronezh State University of Forestry and Technologies named after G.F. Morozov _d2026 215 ## _a7 с. 608 ## _aConference article/thesis _2local 675 ## _aЛесное хозяйство. Лесоводство. 630 _z 700 #1 _aYeskov _gV. A. 856 4# _abibl.vgltu.ru _u